00638nam a22001817a 4500001000700000003000400007005001700011008004100028020001800069040007800087082001000165100002300175245006500198260004300263942001500306952011600321999001900437196027OSt20240814121428.0240814b |||||||| |||| 00| 0 POR d a9789726506591 aColégio Cândido PortinaribPortuguêscColégio Cândido Portinari a028.5 aCela, Daniel92113 aConta-me coisas do teu país: 30 e-mails para a diversidade aSão Paulo: Didática editora, 2005. 2udccBKn0 00102udc4070a39.1b39.1d2024-08-14l0o028.5 C392cp9143/CCPr2024-08-14 15:15:46tEx. 1w2024-08-14yBKu c196027d196027